Top 10 Most Humid U.S. States - Statistics

General Stats
  • This quiz has been taken 164 times
  • The average score is 8 of 10
Answer Stats
Avg. Humity Answer Avg. Dew Point (F) % Correct
74.5% Florida 62.7°
97%
73.3% Hawaii 65.2°
93%
74.0% Louisiana 58.3°
93%
73.6% Mississippi 55.6°
92%
77.1% Alaska 26.5°
78%
72.1% Michigan 38.0°
76%
71.7% Maine 34.4°F
73%
72.0% Indiana 43.0°F
68%
71.7% Vermont 35.9°F
63%
72.4% Iowa 39.8°
58%
No matching quizzes found
Score Distribution
Percent of People with Each Score
Percentile by Number Answered
Your Score History
You have not taken this quiz